|
|
|
|
| LEADER |
00000cam a2200000 7i4500 |
| 001 |
0000006911 |
| 005 |
20151222.0 |
| 008 |
070827 |
| 020 |
|
|
|a 983266182X
|
| 090 |
0 |
0 |
|a COM
|b ENG
|
| 100 |
0 |
|
|a Iskandar Ab Rashid
|
| 245 |
1 |
0 |
|a Fun with programming
|c Iskandar Ab Rashid dan Zaitun Ismail
|
| 260 |
|
|
|a Selangor :
|b Venton Publishing ,
|c 2005
|
| 440 |
|
|
|a ICT Series
|
| 500 |
|
|
|a Children ages 10-12 years old (pink)
|
| 650 |
|
0 |
|a Computer
|x Study and teaching
|
| 650 |
|
0 |
|a Programming
|x Juvenile literature
|
| 700 |
1 |
|
|a Zaitun Ismail
|
| 999 |
|
|
|a 0000986572
|b Book
|c Children Collection
|e Cawangan Taman Universiti
|
| 999 |
|
|
|a 0000986573
|b Book
|c Children Collection
|e Perbadanan Perpustakaan Awam Johor
|
| 999 |
|
|
|a 0000986574
|b Book
|c Children Collection
|e Cawangan Segamat
|
| 999 |
|
|
|a 0000986575
|b Book
|c Children Collection
|e Cawangan Pontian
|
| 999 |
|
|
|a 0000986576
|b Book
|c Children Collection
|e Cawangan Mersing
|
| 999 |
|
|
|a 0001002680
|b Book
|c Adult Collection
|e Cawangan Segamat
|
| 999 |
|
|
|a CD00986573
|b CD-ROM
|c REFERENCE
|e Perbadanan Perpustakaan Awam Johor
|